000 00337nam a2200121Ia 4500
005 20260326100035.0
008 260326s9999||||xx |||||||||||||| ||und||
100 _aCladomir Santos de Morais
245 0 _aEl Desarrollo Rural :
_b Problemas y Procesos /
_cCladomir Santos de Morais
260 _bProccara
650 _aURBANISMO
942 _cBK
999 _c6769
_d6769